[Event "Petah Tikva"]
[Site "Petah Tikva"]
[Date "1997.12.08"]
[Round "3"]
[White "Tsesarsky, Ilya"]
[Black "Zilberman, Yaacov"]
[Result "0-1"]
[WhiteElo "2445"]
[BlackElo "2560"]
[Annotator "Tsesarsky,I"]
[PlyCount "94"]
[EventDate "1997.11.??"]
[EventType "swiss"]
[EventRounds "9"]
[EventCountry "ISR"]
[SourceTitle "CBM 062"]
[Source "ChessBase"]
[SourceDate "1998.01.31"]
[SourceVersion "1"]
[SourceVersionDate "1998.01.31"]
[SourceQuality "1"]

1. Nf3 c5 2. c4 Nf6 3. Nc3 b6 4. d4 cxd4 5. Nxd4 Bb7 6. f3 g6 (6... d6 7. e4 (
7. b3 $6 e6 8. Bb2 Be7 9. e4 $14 (9. e3 O-O 10. Be2 a6 11. O-O Nbd7 12. Qe1 Rc8
$132 {0-1 Brito,A-Gulko,B/Las Palmas op 1996 (46)})) 7... Nbd7 8. Be3 e6 9. Qd2
a6 10. Be2 Rc8 11. O-O Be7 12. Rac1 O-O 13. Rfd1 Re8 14. Bf1 Ne5 15. b3 $14 {
1/2-1/2 Stohl,I-Yudasin,L/Novi Sad olm CSR-URS 1990 (27)}) 7. e4 d6 8. Be3 (8.
Be2 Bg7 9. O-O O-O 10. Be3 (10. Bg5 Nc6 11. Nxc6 Bxc6 12. Qd2 Rc8 13. Rac1 a6
14. Rfd1 Re8 15. Nd5 Nxd5 16. cxd5 Bb7 17. Be3 b5 18. Bd4 Bxd4+ 19. Qxd4 Qa5
$11 {0-1 Ivanov,I-Weinstein,N/New York it 1984 (43)}) 10... a6 11. Qd2 e6 12.
Rfd1 Re8 13. Nc2 d5 14. cxd5 exd5 15. exd5 Nbd7 16. d6 $16 (16. Bf1 Rc8 17. Bf2
(17. Rac1 Ne5 18. Qf2 Qd6 19. Be2 Nc4 20. Bxc4 Rxc4 21. Bxb6 $16) 17... Bf8 18.
Nd4 $2 (18. Re1 $16) 18... b5 $11 {1/2-1/2 Lahav,E-Busch,K/Netanya op 1987 (23)
})) 8... Bg7 9. Qd2 (9. Be2 Nbd7 (9... O-O 10. Qd2 Re8 11. O-O Nbd7 12. Rfd1
Nc5 13. Rac1 Qd7 14. b4 Na6 15. a3 Nc7 16. Nd5 Rad8 17. Bf1 Nfxd5 18. cxd5 $16
{1/2-1/2 Schneider,B-Gueroff,E/Wuppertal-B 1986 (47)}) 10. O-O (10. Qd2 O-O 11.
O-O Re8 12. Rfe1 Rc8 13. Rad1 Qc7 14. b3 Qb8 15. Nd5 Kh8 16. Bf1 Nc5 17. Bg5
Ng8 18. b4 Nd7 19. a3 Ne5 20. Qa2 $14 {1/2-1/2 Drummond,M-Wallace,J/AUS-ch
Melbourne 1991 (45)}) 10... O-O 11. Qd2 $14 (11. a4 a6 12. a5 bxa5 13. Nb3 $14)
(11. Rc1 Rc8 12. Qd2 (12. b3 Re8 13. Qd2 Qc7 14. Rfd1 Qb8 15. Bf1 Rcd8 16. Nc2
Ne5 17. Qf2 h5 18. Nb5 $14 {0-1 Lagershausen,T-Kleeschaetzky,R/Berliner Sommer
1994 (50)}) (12. Qe1 Ne5 13. b3 Nc6 14. Nxc6 Bxc6 15. Qf2 Nd7 16. Rfd1 Nc5 17.
b4 Na4 18. Nxa4 Bxa4 19. Rd3 Bc6 20. a4 $14 {1-0 Greenfeld Alon-Bruk Ofer/
Israel 1984 (39)}) 12... Re8 13. Rfd1 a6 (13... Qc7 14. b4 Qb8 15. a3 a6 16.
Nb3 Bf8 17. Bf1 e6 18. Qf2 Bc6 19. a4 $14 {1/2-1/2 Gheorghiu,F-Spiridonov,N/
Baile Herculane zt 1982 (22)}) 14. b4 e6 15. Nb3 Bf8 16. a3 d5 17. cxd5 exd5
18. exd5 (18. Nxd5 $16) 18... Qe7 (18... Bd6 $5) 19. Bg5 h6 20. d6 Qe6 21. Nd4
Qxd6 22. Bf4 Ne5 23. Bxh6 Bxh6 24. Qxh6 Rxc3 25. Rxc3 (25. Nf5 Qf8 (25... gxf5
26. Rxd6 $18)) 25... Neg4 26. fxg4 (26. Nf5 $4 Qxd1+ 27. Bxd1 Re1# {0-1 Sand,
R-Busch,K/Dortmund op-A 1993}) 26... Rxe2 27. Rg3 $18) (11. Qd2 Re8 (11... Rc8
12. Rac1 h5 (12... Re8 13. Rfd1 a6 14. Bf1 e6 15. Bh6 (15. Qf2 $14) 15... Ne5
16. Bxg7 Kxg7 17. b3 $132 {1/2-1/2 Dür-Horvath/St.Ingbert/SW,37,21 1988 (87)})
13. Rfd1 Kh7 14. Nd5 Ng8 15. Kh1 Bh6 16. Bxh6 Nxh6 $14 {1-0 Blackstock,
L-Denman,B/Brighton 1979 (60)}) 12. Nd5 Rc8 13. Rac1 Nc5 14. Kh1 Qd7 15. Nb5
$14 {1-0 Guthmann,A-Abu Rab,Z/PF-ch Eisenberg 1993 (36)})) 9... Nbd7 (9... Nc6
10. Be2 Nxd4 11. Bxd4 O-O 12. O-O Nd7 13. Bxg7 (13. Be3 $14) 13... Kxg7 14. f4
Kg8 15. Rad1 Nc5 16. Qe3 Qc8 17. b4 (17. h4 Qe6 18. Rd4 (18. f5 gxf5 19. Qg5+
Kh8 20. exf5 Qe5 $15) 18... Nd7 19. Nd5 $14) 17... Na6 18. a3 Nc7 19. f5 $14 {
1-0 Najdorf,M-Reinhardt,E/Buenos Aires ARG ch 1955 (28)}) (9... O-O 10. O-O-O
Nc6 11. Nxc6 Bxc6 12. Bh6 Re8 13. Bxg7 Kxg7 14. Nd5 Bxd5 15. cxd5 Qd7 16. Kb1
Red8 17. h4 $16 {0-1 Guido,C-Guerrero/cr NIC 1993 (44)}) 10. g4 Rc8 11. Rd1 (
11. Rc1 Ne5 12. b3 a6 13. g5 Nfd7 (13... Nh5 14. Bh3 e6 15. Bg4 Qc7 16. Bxh5
gxh5 17. f4 Rd8 18. Rd1 Nd7 (18... Nc6 19. Ncb5 $1 axb5 (19... Qb8 20. Nxc6
Bxc6 21. Nxd6+ $16) 20. Nxb5 Qe7 21. Nxd6+ Rxd6 22. Qxd6 Qxd6 23. Rxd6 Nb4 24.
Kf2 Nxa2 25. Rxb6 Bxe4 26. Rd1 O-O 27. Rd7 $16) 19. f5 Nc5 20. fxe6 (20. f6 Bf8
21. Qc2 h6 $132) 20... fxe6 21. Rf1 Rf8 22. Rxf8+ Kxf8 23. b4 Bxd4 24. Bxd4
Nxe4 25. Nxe4 (25. Qf4+ Qf7 $11) 25... Bxe4 26. Qf2+ Qf7 27. Bf6 $16) 14. Bh3
O-O 15. f4 Nc6 16. Nde2 $132) 11... a6 12. h4 $6 (12. g5 Nh5 (12... Ng8 13. h4
$14) 13. b3 O-O 14. Bh3 e6 15. Bg4 Nc5 16. Bxh5 gxh5 17. Nde2 Rc6 18. O-O $14)
12... Ne5 $1 13. b3 h5 14. g5 Nfd7 15. Bh3 (15. Rh3 O-O 16. f4 Ng4 17. Bg1 Nc5
18. Bg2 e5 $17) 15... b5 $1 16. f4 Ng4 17. Bxg4 hxg4 18. h5 $4 (18. cxb5 Nc5
19. Nc6 Bxc6 20. bxc6 Rxc6 21. Bd4 Bxd4 22. Qxd4 $132) 18... bxc4 $4 (18...
Rxh5 $1 19. Rxh5 gxh5 20. Nf5 Bf8 21. Qh2 Qa5 22. Bd2 b4 23. Nd5 Qxa2 24. Qxh5
Qxb3 25. g6 Rxc4 $1 $19) 19. h6 Bf8 (19... cxb3 20. hxg7 Rxh1+ 21. Ke2 Rh2+ 22.
Bf2 Nf6 23. gxf6 Kd7 $13) 20. b4 (20. Nde2 cxb3 21. axb3 Nc5 $17) 20... e5 21.
Nc2 (21. Nde2 exf4 22. Bxf4 Ne5 23. Bxe5 dxe5 24. Nd5 Bxd5 25. exd5 c3 $1 $19)
21... exf4 22. Bxf4 Ne5 23. Bxe5 dxe5 24. Qe3 $6 (24. Nd5 $1 Bxd5 25. Qxd5 Qc7
26. Rf1 Rh7 27. Rf6 Be7 28. Rxa6 Bxg5 29. Rxg6 Bxh6 30. Rxg4 $132) 24... Bd6 (
24... Qc7 25. Qg3 Be7 (25... f5 $6 26. gxf6 Rxh6 27. Rxh6 Bxh6 28. Qxg4 Qf7 29.
Qh4 Bf4 30. Rd6 $16 (30. Qh8+ Qf8 31. Qh7 Qxf6 32. Ke2 Qg5 $11)) 26. Qxg4 Rd8
27. Ke2 $1 (27. Rxd8+ Qxd8 28. Qg3 Bxg5 29. Qxe5+ Kd7 30. Ke2 Kc8 31. Rd1 Qf6
32. Qc5+ Kb8 33. Rd7 Rc8 34. Qd4 Qf4 $19) 27... Rxd1 28. Rxd1 Qc8 29. Qg3 Qe6
30. Ne3 f5 31. Ncd5 Bxd5 32. exd5 f4 33. dxe6 fxg3 34. Nxc4 Bxg5 35. Nd6+ Ke7
36. Nf7 Rxh6 37. Nxg5 $18) 25. O-O $2 $17 (25. Qg3 $1 f5 (25... Qxg5 26. Rxd6
Rxh6 27. Rxh6 Qxh6 28. Qxe5+ Kf8 29. Rd7 $16) (25... Qd7 26. Ne3 Qe6 27. Nxg4
Bxb4 28. Nf6+ Kf8 29. Nd7+ Kg8 (29... Ke7 30. Rf1 $11) 30. Nf6+ Kf8 31. Nd7+
$11) 26. gxf6 Qxf6 27. Qxg4 Rf8 28. Rd2 $14) 25... Qe7 26. Rf6 Bb8 (26... Bxb4
27. Nxb4 Qxb4 28. Rb1 Qe7 29. Qa7 Bc6 30. Qxe7+ Kxe7 31. Rb6 Be8 32. Rxa6 $14)
27. Kg2 $5 (27. Qb6 O-O $17 (27... Bxe4 28. Nxe4 Ba7 29. Nd6+ Kf8 30. Nxc8 $18)
) (27. b5 $1 Rxh6 28. bxa6 Ba8 29. Qg3 $15) 27... O-O (27... Rxh6 $5 28. Rxf7 (
28. gxh6 Qxf6 29. h7 Ke7 (29... Kf8 30. Rd7) (29... Rc6 30. Rh1 Qh8 31. Nd5 f6
32. Qh6 Kf7 33. Nce3 c3 34. Nxg4 c2 35. Ngxf6 Rxf6 36. Nxf6 Qxf6 37. Qe3 (37.
h8=Q Bxe4+ 38. Kg3 Qf3+ 39. Kh4 Qf2+ 40. Kg4 Bf5+ 41. Kg5 Qg3#) 37... c1=Q $1
38. Rxc1 Qh4 39. Qf2+ Qxf2+ 40. Kxf2 Kg7 41. Rh1 Kh8 42. Ke3 Ba7+ 43. Kd3 Bc6
$15) 30. Rf1 Qh8 31. Qg5+ Ke8 32. Qf6 Qxf6 (32... Qxh7 33. Rh1 $18) 33. Rxf6
Ke7 34. Rb6 Ba8 35. Rxa6 Bd6 36. Ne3 $14) 28... Qxf7 29. gxh6 Ba7 30. Qe2 Rd8
$17) (27... Ba7 28. Qe2 Rxh6 29. Qxg4 Rd8 $1 (29... Rh5 30. Nd5 $16) 30. Nd5
Bxd5 31. exd5 Rh5 32. d6 Qd7 $19) 28. Nd5 Bxd5 29. exd5 (29. Rxd5 Rfd8 30. Rxa6
Rxd5 31. exd5 e4 32. Qd4 Be5 33. Qe3 Qd8 (33... Bb8 34. Qd4 $11) 34. a3 (34.
Ra5 f5 $1 35. gxf6 Qxf6 36. Qxe4 Rf8 $17) 34... Qxd5 35. Ra5 Qd6 36. Qxe4 Qd2+
37. Kf1 Qd3+ 38. Qe2 (38. Qxd3 cxd3 $19) 38... Bf4 $19) 29... e4 30. d6 (30.
Rxa6 $132) 30... Qe5 31. Qd4 (31. Qf4 Qxf4 32. Rxf4 Rfd8 33. Rxg4 Rxd6 34. Rxd6
Bxd6 35. Rxe4 Kh7 $17) 31... Qxd4 32. Rxd4 Rfd8 33. Kg3 $2 (33. d7 $1 Rc7 34.
Rxa6 Rcxd7 35. Rxd7 Rxd7 36. Ra8 Rb7 37. a4 Kh7 38. a5 Bf4 39. a6 Rd7 40. a7
Rd2+ 41. Kf1 Rxc2 42. Rf8 Rc1+ (42... Ra2 43. Rxf7+ Kg8 44. Rxf4 Rxa7 45. Rxe4
Rc7 46. Re2 Rb7 $11) 43. Ke2 Rc2+ 44. Kd1 Rc1+ $11) 33... Rxd6 $1 $15 34. Rfxd6
Rc6 35. Kxg4 Bxd6 36. Rxe4 Kh7 37. Kf3 (37. Nd4 Rb6 (37... Rc7 38. b5 c3 (38...
a5 39. Nc6) 39. bxa6 c2 40. Nxc2 Rxc2 41. Ra4 Rg2+ 42. Kf3 Rg3+ 43. Kf2 Rxg5
44. a7 Bc5+ 45. Kf3 Bxa7 46. Rxa7 Rf5+ 47. Kg3 Kxh6 48. a4 f6 (48... Kg5 49. a5
Rf1 50. a6 f5 51. Rb7 Ra1 52. a7 Ra3+ $19) 49. a5 Rb5 50. a6 Ra5 51. Ra8 Kg5
$19) 38. a3 c3 39. Kf3 (39. Re3 Bxb4 40. axb4 Rxb4 41. Rxc3 Rxd4+ 42. Kg3 Rd7
$17) 39... Rb7 40. Re3 Rc7 $17) 37... Rc7 (37... c3 38. a4 Rc7 39. Rd4 Be7 40.
Rd5 f6 (40... Rc4 41. Re5) 41. gxf6 Bxf6 42. Rd6 $132) 38. a4 $2 (38. Rd4 $1
Be7 39. Rd5 f6 (39... c3 40. a4 f6 41. gxf6 Bxf6 42. Rd6 Bh8 (42... Bg5 43.
Rxa6 Rd7 44. Rc6) 43. Rxa6 Rd7 44. Ra8 Rd2 45. Ne3 Bd4 46. a5 $132) 40. gxf6
Bxf6 41. Rd6 Rf7 42. Rxa6 Kxh6 43. Rc6 c3 44. Ne3 $132) 38... Be7 39. Re5 (39.
Kf4 c3 $17) (39. Kg4 f5+ 40. gxf6 Bxf6 41. Ne3 c3 42. Re6 Be7 $17) 39... Rb7 $5
(39... Rd7 40. Ne3 c3 41. b5 axb5 42. axb5 Bd8 43. Ke4 Rd2 44. Rc5 Re2 45. Rxc3
Bxg5 46. Rb3 Kxh6 47. b6 Bxe3 48. Kf3 Re1 49. Rxe3 Rb1 $19) 40. Ke4 $2 (40. Rd5
$1 $17) 40... c3 $19 41. Ke3 (41. Rd5 Bxb4 42. Nxb4 Rxb4+ 43. Kd3 Rxa4 44. Kxc3
Rf4 45. Ra5 f6 $19) 41... Rd7 42. b5 axb5 43. axb5 Bd8 $1 44. Na3 Rd2 45. Nc4
Rg2 46. Kd3 c2 47. Re1 Bxg5 0-1

[Event "Leon-B"]
[Site "Leon"]
[Date "1996.??.??"]
[Round "1"]
[White "Izeta Txabarri, Felix"]
[Black "Sion Castro, Marcelino"]
[Result "0-1"]
[WhiteElo "2470"]
[BlackElo "2400"]
[Annotator "Tsesarsky,I"]
[PlyCount "128"]
[EventDate "1996.06.??"]
[EventType "tourn"]
[EventRounds "9"]
[EventCountry "ESP"]
[EventCategory "9"]
[SourceTitle "CBM 054"]
[Source "ChessBase"]
[SourceDate "1996.10.01"]
[SourceVersion "1"]
[SourceVersionDate "1996.10.01"]
[SourceQuality "1"]

1. d4 Nf6 2. Nf3 (2. c4 g6 3. g3 c5 4. Nf3 cxd4 5. Nxd4 d5 6. Bg2 Bg7 7. Nc2
Qa5+ 8. b4 Qc7 9. cxd5 $18 {Bareev,E-Shirov,A/Biel/1991/0,5/61/}) 2... g6 3. c4
Bg7 4. g3 c5 5. Nc3 (5. d5 $142) 5... cxd4 6. Nxd4 d5 7. Bg2 $6 (7. cxd5 Nxd5
8. Bg2 (8. e3 Nxc3 9. bxc3 Qd5 10. Rg1 O-O 11. Qc2 Nc6 12. Ba3 Nxd4 13. exd4
Bf5 14. Qe2 Be4 15. Bc1 e5 16. Be3 exd4 17. cxd4 Bxd4 $19 {Krzysztanowska,
M-Leonowicz,L/POL-chw/1978/0:1/91/}) 8... Nxc3 9. bxc3 O-O (9... Qa5 10. Bd2
O-O 11. O-O e5 12. Nb3 Qc7 13. Qc1 Bg4 14. Re1 a5 15. Be3 Nd7 16. Nd2 Rac8 17.
Rb1 b6 18. c4 Be6 19. Qb2 Bf5 20. Rbc1 Nc5 $15 {Baciu,S-Manolache,M/ROM-cht/
1994/0:1/50/}) 10. O-O Qa5 (10... Nc6 11. Nxc6 bxc6 12. Bg5 Bxc3 13. Rc1 Bf6
14. Bxf6 exf6 15. Rxc6 Rb8 16. Qa1 Be6 17. Rfc1 Rc8 18. Rxc8 Bxc8 19. h4 h5 20.
e3 Be6 21. a3 Qe7 22. Rb1 Rc8 $10 {Yurtaev,L-Petrienko,V/Podolsk/1989/1:0/44/})
11. Be3 Nc6 12. Qb3 Qa6 13. Rab1 Rd8 14. Qb2 Nxd4 15. Bxd4 e5 16. Bc5 Rb8 17.
Rfd1 Bf5 18. e4 Be6 {Ribli,Z-Kasparov,G/Luzern(olm)/1982/}) 7... dxc4 8. Qa4+
Nfd7 9. Nc2 (9. Nf3) 9... Nc6 (9... O-O $5 10. Qxc4 Nb6) 10. Qxc4 Qa5 11. Bd2 (
11. Bxc6 bxc6 12. Qxc6 Rb8 $32 $36 {^^}) 11... Qh5 12. Nd5 O-O 13. Bc3 (13. Nf4
Qc5 14. Qxc5 Nxc5 $15) 13... Nde5 14. Qa4 (14. Qb3 $142) 14... Ng4 15. Nd4 $6 (
15. Bxg7 Kxg7 16. h3 Nge5 $13) 15... Bxd4 16. Bxd4 Rd8 17. O-O-O $2 (17. Qc4
Be6) (17. e4 $1 Be6 $5 (17... b5 18. Qd1 e6 19. Qxg4 Qxg4 20. Nf6+ Kg7 21.
Nxg4+ Nxd4 $10) 18. Bc3 Rac8 $5 (18... Bxd5 $6 19. exd5 Nce5 20. Qd4)) 17...
Rxd5 18. Bxd5 (18. h3 Rxd4) 18... Qxd5 $17 19. Bc3 (19. Bb6 Qe6 $19) 19... b5
$1 20. Rxd5 bxa4 21. Rc5 (21. Rhd1 Ba6 22. Rc5 Bxe2 23. Rxc6 Bxd1 24. Kxd1
Nxf2+ $17) 21... Bd7 22. Rd1 Be8 23. f3 (23. Rc4 f5 24. Be1 Rc8) 23... Ne3 24.
Rd3 Nf5 25. e4 Nd6 26. Bd2 f6 27. Bf4 Nf7 28. Rdc3 Nfd8 29. R5c4 (29. Bc7 Nd4
30. Rd3 N8e6 $17) 29... g5 (29... e5 $6 30. Be3 Rb8 31. Rxa4 a5 32. Kb1 Nd4 $15
) 30. Bc7 Kf7 31. Rxa4 Ne6 32. Bb6 $8 (32. Ba5 Ncd4 33. Rac4 Ne2+ $19) 32...
Rb8 33. Bf2 (33. Bxa7 Ra8 34. Rca3 Ne5 35. Ra6 Nc7 36. R6a5 Nc4 37. Bb6 Nxb6
$19) 33... a5 34. Be3 Rb5 35. Rac4 Ne5 36. Rc8 $8 Nxf3 $19 37. Ra8 (37. h3 Bd7
38. Rh8 Kg7 39. Ra8 Ned4 $19) 37... Nxh2 38. Ra3 Re5 (38... Nf1 39. Ba7 Bc6)
39. R3xa5 Rxe4 40. Bd2 Nd4 41. R5a7 Nhf3 42. Rc7 Re2 43. Bb4 Rg2 $4 (43... h5
44. Raa7 Nc6 $19) 44. Rxe7+ Kg6 45. Raxe8 Rg1+ 46. Be1 $16 (46. Re1 $2 Nxe1 47.
Rxe1 Rxg3 $17) 46... Nf5 47. Re2 $8 Nxg3 48. R2e3 g4 49. Rg8+ $2 (49. Kd1 $8 h5
(49... Rg2 $2 50. Rg8+ Kf5 51. Rxf3+ gxf3 52. Rxg3 $18) (49... Nxe1 50. Rxe1
Rg2 51. Rb8 $1 h5 52. a4 h4 53. a5 h3 54. a6 h2 55. a7 $18) (49... Kg5 50. a4
h5 51. a5 h4 52. a6 h3 53. a7 h2 54. Rh8 $18) 50. a4 (50. Rxf3 $2 gxf3 51. Rg8+
Kf7 (51... Kf5 $4 52. Rxg3 f2 53. Rf3+ $18) 52. Rxg3 f2 $19) 50... h4 51. a5 h3
52. a6 h2 53. a7 Nf5 $1 (53... h1=Q $2 54. a8=Q Nxe1 55. Qxh1 (55. Rg8+ Kf5 56.
Qc8+ Kf4 57. Rxg4+ Kxe3 58. Qc1+ Kf2 59. Qd2+ Kf1 60. Qxe1+ Kg2 61. Rxg3+ Kh2
62. Rxg1 Qxg1 63. Qxg1+ (63. b4 Qb6 $10) 63... Kxg1 64. Kd2 Kg2 65. Ke3 Kg3 66.
Ke4 Kg4 67. b4 f5+ 68. Kd3 f4 69. b5 f3 70. b6 (70. Ke3 Kg3 71. b6 f2 72. b7
f1=Q 73. b8=Q+ $10) 70... Kh3 $1 $10) 55... Rxh1 (55... Nxh1 56. Rxe1 Nf2+ 57.
Kd2 $16) 56. Rxe1 Rh2 57. Rg1 Kf7 58. Ree1 $16) 54. Re2 (54. a8=Q Nxe3+ 55.
Rxe3 h1=Q 56. Qg8+ Kh6 57. Qh8+ Kg5 58. Qxh1 Rxh1 59. b4 Kf4 60. Re6 f5 $19)
54... Nxe1 55. a8=Q $2 (55. Rg8+ $1 Ng7 $8 56. a8=Q Nf3+ 57. Kc2 Nd4+ (57...
h1=Q 58. Qe8+ Kh6 59. Rh8+ Kg5 60. Qe3+ Kg6 61. Qe4+ (61. Rxh1 Rxh1 62. Qf4 $16
) 61... f5 62. Qc6+ Kg5 63. Rxh1 Rxh1 64. Qd7 $16) 58. Kd3 Rd1+ (58... h1=Q 59.
Qe8+ Kh6 60. Rh8+ Kg5 61. Qe3+ Kg6 62. Rxh1 $18)) 55... Nf3+ 56. Re1 Ng7 $3 57.
R8e4 (57. Qe4+ f5 58. Qc6+ Kh7 $19) 57... f5 58. Rxg4+ fxg4 59. Qe4+ Kg5 60.
Qe7+ Kh5 61. Qf7+ Kh4 62. Qf6+ Kh3 63. Qh6+ Kg2 $19) 49... Kf5 50. Kd1 Kf4 $19
51. Rge8 f5 52. a4 Ne4 53. Re2 g3 54. a5 g2 55. Rg8 Nxe1 56. Rxe1 Rxe1+ 57.
Kxe1 Kf3 58. Rxg2 Kxg2 59. a6 f4 60. a7 f3 61. a8=Q f2+ 62. Ke2 f1=Q+ 63. Ke3
Qf3+ 64. Kd4 h5 0-1

[Event "Biel MTO op"]
[Site "Biel"]
[Date "1999.07.28"]
[Round "9"]
[White "Raetsky, Alexander"]
[Black "Tyomkin, Dimitri"]
[Result "0-1"]
[WhiteElo "2408"]
[BlackElo "2495"]
[Annotator "Tyomkin,D"]
[PlyCount "84"]
[EventDate "1999.07.??"]
[EventType "swiss"]
[EventRounds "11"]
[EventCountry "SUI"]
[SourceTitle "EXT 2000"]
[Source "ChessBase"]
[SourceDate "1999.11.16"]
[SourceVersion "1"]
[SourceVersionDate "1999.11.16"]
[SourceQuality "1"]

{By winning this game I had reached GM-norm in Biel MTO.} 1. d4 Nf6 2. c4 c5 3.
Nf3 cxd4 4. Nxd4 e5 5. Nb5 d5 6. cxd5 Bc5 7. N5c3 O-O 8. h3 Bf5 {In my
home-preparation to this game I found that Raetsky had played too risky in
this variation and lost to low-rated opponent. For opening stage of current
game my opponent spended almost 1 1/2 hour-the meaning I made a right choice!}
9. a3 $146 (9. e3 Nbd7 (9... Bg6 10. g4 e4 11. Bg2 Na6 $5 12. g5 Nb4 13. gxf6
Nd3+ 14. Kd2 Qxf6 $44 {0-1 Aseev,K-Smirin,I/URS-FL56 Klaipeda 1988 (41)}) 10.
Qf3 Bg6 11. e4 Bd4 12. Bd3 Nc5 13. Bc2 b5 14. Nd2 b4 15. Ne2 Nxd5 {1/2-1/2
Papaioannou,I-Stefanopoulos,O/Athens GRE 1998 (15)}) (9. g4 $6 Be4 10. Rh2 Bg6
11. Bg5 Nbd7 12. Nd2 Rc8 $44 {0-1 Raetsky,A-Kaenel,H/Lenk ,EXT 1995 (59)}) 9...
Nbd7 10. e3 e4 (10... Nb6 $5 11. b4 Bd6 12. Qf3 Qc8 $1 {[%csl Yc1,Yf5][%cal
Rf6d5]} 13. Bb2 (13. e4 $2 Bxe4) 13... e4 14. Qd1 Rd8 {[%cal Rf6d5,Rb6d5] /
\Nxd5}) 11. b4 Bd6 {The compensation of black is obvious-black has big
advantage in development.} 12. Bb2 Ne5 {[%cal Ge5d3] playing on initiative.The
other way,probably better one, was to attack d-pawn:} (12... Nb6 {[%cal Rf6d5]}
13. g4 Bg6 $44) 13. Nd2 Rc8 14. Be2 Nd3+ 15. Bxd3 exd3 16. Rc1 $6 {After this
unaccuracy black gets an advantage.The correct way was:} (16. Qf3 $142 Be5 17.
Qxf5 Bxc3 18. Bxc3 Rxc3 19. e4 Rc2 20. Rd1 (20. Qf3 Re8 21. Qxd3 Rxd2 22. Qxd2
Nxe4 23. Qd4 Nc5+ $1 $17 {[%cal Gc5b3]}) 20... Qc7 21. O-O Qc3 $44) 16... Be5
17. Qb3 Bxc3 18. Rxc3 Rxc3 19. Bxc3 (19. Qxc3 Qxd5 20. O-O Rc8 $15) 19... Qxd5
20. Qxd5 Nxd5 21. Nb1 Nb6 $1 {[%mdl 2048] Black should play very smart and
accurate for getting an advantage in this ending.White intended to transform
his pieces by Kd2 and Rc1.Black prevents it with following move:} (21... Rc8
$143 22. Kd2 Nb6 23. Rc1 $15) 22. f3 Rc8 23. e4 Bd7 $1 {[%cal Gd7a4,Ga4c2]
[%mdl 2048] /\Ba4-c2} 24. Kf2 Ba4 25. Rc1 Bc2 26. Bd4 Nc4 27. Bc5 $138 {
My opponent was in hard time-trouble in this stage which I succesfully had
used.} b6 28. Be3 f6 29. Nd2 $2 $138 {Just simplifies blacks job in this
ending.After the best 29.a4 the game could pass into the interesting pawn
ending!} (29. a4 $1 Bxa4 (29... Nb2 30. Ke1 Nxa4 (30... Rd8 {[%cal Rd3d2,Yb2d3]
/\d2} 31. Bd2 Nxa4 32. Na3 Rc8 33. Ra1 $132) 31. Kd2 Nb2 32. Na3 Nc4+ 33. Nxc4
Rxc4 34. Ra1 Rxb4 35. Rxa7 Rb1 36. f4 $132) 30. Na3 Bc2 $1 (30... Nd6 31. Rxc8+
Nxc8 32. Ke1 $11 {[%cal Ge1d2] /\Kd2}) (30... b5 31. Nxc4 bxc4 32. Bd2 $15) 31.
Nxc2 (31. Nxc4 Rxc4 32. Bd2 Kf7 33. Ra1 Rc7 $17) 31... Nxe3 32. Kxe3 dxc2 33.
Kd2 (33. b5 Rc5 {[%csl Ga7,Gb6] o^b,a}) 33... Kf7 34. Rxc2 (34. Ra1 c1=Q+)
34... Rxc2+ $19 {P_|_,o^a Black has an advantage in this pawn ending because
of possibility to create passed pawn on the queenside.But this is uncorrect to
give evaluations in pawn endings like "black is better" or black has an
advantage".Every pawn ending is winning(losing)or drawn.This time I was lazy
and limited myself by finding few good moves.It looks like black should win in
this position.} 35. Kxc2 Ke6 36. Kb3 a6 $1 $19 {o^a keeping possibility to
create passed pawn later on,and improving the king at first.} (36... a5 $2 {
Now white gets a draw in time.} 37. bxa5 bxa5 38. Ka4 (38. f4 Kd6 39. Ka4 Kc5
$19) 38... Ke5 39. Kxa5 Kf4 40. Kb4 h5 {[%cal Gh5h4,Yf4g3]} (40... Kg3 {
Black doesn't threat to capture g-pawn because of f4 and e5.} 41. Kc5) 41. h4
$1 $11)) 29... Nxa3 $19 30. Ra1 Nb5 31. h4 h5 32. g4 hxg4 33. fxg4 Kf7 34. h5
Rc3 35. Kf3 Ra3 36. Rh1 (36. Rxa3 Nxa3 37. Kf4 Bd1 $19 {[%cal Ga3c2] /\Nc2})
36... Ra4 37. h6 gxh6 38. Rxh6 Rxb4 39. Kf4 Nc3 {was not necessary at all,but
lets black to finish the game by pretty blow!} (39... Kg7 40. g5 Nc3 $1 $19 {
[%cal Rc3d5]}) 40. Rh7+ Kg6 41. Rxa7 {[%tqu "En","","","","c3e4","",10]} Nxe4
$1 42. Nxe4 Rxe4+ (42... Rxe4+ 43. Kf3 b5 $1 44. Rb7 b4 45. Rb6 (45. Bd2 Re2
$19) 45... b3 46. g5 Rxe3+ $1 47. Kxe3 Kxg5 $19 {and white can not stop three
passed pawns.}) 0-1

[Event "Las Palmas op"]
[Site "Las Palmas"]
[Date "1996.??.??"]
[Round "2"]
[White "Brito Garcia, Alfredo"]
[Black "Gulko, Boris F"]
[Result "0-1"]
[WhiteElo "2395"]
[BlackElo "2615"]
[Annotator "Vaisser,A"]
[PlyCount "92"]
[EventDate "1996.11.??"]
[EventType "swiss"]
[EventRounds "9"]
[EventCountry "ESP"]
[SourceTitle "CBM 057"]
[Source "ChessBase"]
[SourceDate "1997.04.01"]
[SourceVersion "1"]
[SourceVersionDate "1997.04.01"]
[SourceQuality "1"]

1. d4 Nf6 2. c4 c5 3. Nf3 cxd4 4. Nxd4 b6 5. Nc3 Bb7 6. f3 d6 7. b3 $6 (7. e4
$14) 7... e6 8. Bb2 Be7 9. e3 O-O 10. Be2 a6 11. O-O Nbd7 12. Qe1 Rc8 13. Qg3
Re8 14. Rad1 Bf8 15. Rd2 Qc7 16. Rfd1 Ne5 17. Bf1 Red8 18. Qh3 Re8 19. Nde2 Qb8
(19... d5 $5 20. cxd5 exd5 21. Nf4 Qc5 $1 (21... Bc5 $2 22. Ncxd5 Nxd5 23. Nxd5
Bxd5 24. Rxd5 Bxe3+ 25. Kh1 $16) 22. Ncxd5 Nxd5 23. Nxd5 Bxd5 24. Rxd5 Qxe3+
25. Kh1 Nc6 $1 26. Bxa6 Rcd8 $1 27. Rxd8 Rxd8 28. Rf1 Qd2 $44) 20. Ng3 Bc6 {
/\ b6-b5} 21. c5 $6 bxc5 22. Bxa6 Rcd8 23. f4 Neg4 (23... Ng6 $5) 24. Bd3 $1 d5
$6 (24... Nxe3 $2 25. Nce4 $1 Nxe4 26. Nxe4 (26. Bxe4 Bxe4 27. Nxe4 Nf5 28. g4
$13) 26... f5 (26... Nf5 $2 27. Nf6+ gxf6 28. Bxf5 Bg7 29. Qxh7+ Kf8 30. Rd3
$18) 27. Ng5 $1 h6 28. Qxe3 hxg5 29. fxg5 d5 (29... Qb4 $2 30. Bc4 d5 31. g6
$18) 30. g6 (30. Qh3 $2 Qf4) 30... Bd6 31. Qh3 Be5 32. Re1 Bxb2 33. Rxb2 $18) (
24... h6 $5 25. Nce4 Nxe4 26. Bxe4 Bxe4 27. Qxg4 $11) (24... g6 $5 25. Nce4 (
25. e4 c4 $1) 25... Bg7 26. Bb1 Nxe4 27. Nxe4 Bxb2 28. Rxb2 f5 $11) 25. Bxh7+
$1 Nxh7 26. Qxg4 Nf6 27. Qh4 d4 $1 28. exd4 cxd4 29. Nce2 e5 $1 30. fxe5 Qxe5
31. Qf4 Qd5 32. Nxd4 Bb4 $1 33. Rc2 Bc5 34. Ngf5 (34. Qf5 $6 Re5) 34... Bd7 {
[#]} 35. Ne3 $2 $138 (35. Rxc5 $1 Qxc5 36. Nxg7 $1 (36. Rc1 $2 Qb6 37. Nxg7 Re4
$1) 36... Kxg7 (36... Nh5 $2 37. Nxh5 Qxh5 38. Rf1 $18) 37. Rf1 Nh7 (37... Qe5
$2 38. Ne6+ Qxe6 39. Bxf6+ $18) 38. Qxf7+ Kh8 39. Kh1 Qe5 40. Ba1 $142 (40. Qf2
Kg8 41. Nc6 (41. Qf7+ $10) 41... Qxb2 42. Qxb2 Bxc6 $44) 40... Rf8 41. Qxf8+ (
41. Ne6 Rxf7 42. Bxe5+ Kg8 43. Rxf7 Bxe6 44. Rg7+ Kf8 45. h4) 41... Rxf8 (41...
Nxf8 42. Nf3 Qxa1 43. Rxa1 $16) 42. Rxf8+ Nxf8 43. Nc2 $16) 35... Qh5 36. Rxc5
$6 (36. Qf3 $1 Bg4 $1 37. Nxg4 Nxg4 38. h3 Rxd4 $1 39. Bxd4 Bxd4+ 40. Kh1 Qh4
41. Rf1 Ne3 42. Qxf7+ Kh7 43. Qxe8 Nxf1 $44) 36... Qxc5 37. Rc1 $2 Qa7 38. Nec2
Qxa2 39. Bc3 Nd5 40. Qd2 Nxc3 41. Qxc3 Qa7 42. Ra1 Qb6 43. Qa5 Qxa5 44. Rxa5
Bg4 45. Kf2 Bd1 $1 46. Rc5 Re4 0-1